000 00933nam a2200193Ia 4500
999 _c36738
_d36738
001 2675
003 GE_BSU
005 20210217111626.0
008 181216s2008||||ge |||||||||||||| ||geo||
020 _a9789941110696
040 _cGE_BSU
041 _ageo
080 _a327.7 მ–80
245 _aმოგზაურობა ევროკავშირში /
_c [ევროკავშირის საინფორმ. და დოკუმენტ. ცენტრი საქართველოში ; წიგნის შექმნაში მონაწილეობდნენ: ინეს ბირზნიცე, მარა ძირნიცე, ნათელა სახოკია [და სხვ.]].
264 _aთბილისი :
_bდიოგენე,
_c2008.
300 _a40 გვ.
_b27 სმ.
653 _aევროკავშირი
942 _cBK
_2udc